The Supreme Court Act and the Magistrates' Courts Act and Rules / (Record no. 33)

MARC details
000 -LEADER
fixed length control field 00549nam a22001817a 4500
005 - DATE AND TIME OF INPUT
control field 20231024134442.0
008 - DATA ELEMENTS--GENERAL INFORMATION
fixed length control field 231024b |||||||| |||| 00| 0 eng d
020 ## - INTERNATIONAL STANDARD BOOK NUMBER
International Standard Book Number 0702149837
041 ## - LANGUAGE CODE
Language code of text English
082 ## - SHELF NUMBER
DDC number 347.1 BAR
100 ## - MAIN AUTHOR
Main author's name Barrow OJ
Language of a work English
245 ## - TITLE STATEMENT
Title The Supreme Court Act and the Magistrates' Courts Act and Rules /
Statement of responsibility, etc. OJ Barrow
250 ## - EDITION STATEMENT
Edition statement Twelfth Edition
260 ## - PUBLICATION, DISTRIBUTION, ETC.
Place of publication, distribution, etc. Cape Town :
Name of publisher, distributor, etc. Juta & Co, Ltd,
Date of publication, distribution, etc. 1999
300 ## - PHYSICAL DESCRIPTION
Other physical details 259 pages ;
Dimensions 25,5 cm.
650 ## - SUBJECT`
Broad subject Legal Practice
Own subject terms Law
942 ## - ADDED ENTRY ELEMENTS (KOHA)
Item type Books
942 ## - ADDED ENTRY ELEMENTS (KOHA)
-- ALISON_BN_VRIES
Holdings
Source of classification or shelving scheme Not for loan Collection code Home library Current library Shelving location Date acquired Full call number Barcode Price effective from Koha item type
Dewey Decimal Classification   TEXT BOOKS LAW SOCIETY OF NAMIBIA LIBRARY - WINDHOEK LAW SOCIETY OF NAMIBIA LIBRARY - WINDHOEK Civil Procedure and Court 10/24/2023 347.1 BAR LSN/2001/29 10/24/2023 Books